LEADER 01026nam0 22002651i 450 001 UON00296553 005 20231205103945.36 100 $a20070601d1964 |0itac50 ba 101 $ager 102 $aDE 105 $a|||| 1|||| 200 1 $aˆDas ‰Eisenacher Zehnjungfrauenspiel$fherausgegeben von Karin Schneider 210 $aBerlin$cSchmidt$d1964 215 $a50 p.$d21 cm. 410 1$1001UON00294457$12001 $aTexte des späten Mittelaters$1210 $aBerlin$cSchmidt.$vHeft 17 620 $aDE$dBerlin$3UONL003157 676 $a830.3$cLetteratura tedesca. 1350-1517$v21 702 1$aSCHNEIDER$bKarin$3UONV170500 712 $aSchmidt$3UONV266260$4650 801 $aIT$bSOL$c20240220$gRICA 899 $aSIBA - SISTEMA BIBLIOTECARIO DI ATENEO$2UONSI 912 $aUON00296553 950 $aSIBA - SISTEMA BIBLIOTECARIO DI ATENEO$dSI Fil.G VI 422 $eSI ST 1551 5 422 996 $aEisenacher Zehnjungfrauenspiel$91250806 997 $aUNIOR